Respeto y procesos civiliazatorios : (Record no. 190673)
[ view plain ]
| 000 -CABECERA | |
|---|---|
| campo de control de longitud fija | 01702cab a2200289 ab4500 |
| 005 - FECHA Y HORA DE LA ÚLTIMA TRANSACCIÓN | |
| campo de control | 20241121063757.0 |
| 008 - ELEMENTOS DE LONGITUD FIJA--INFORMACIÓN GENERAL | |
| campo de control de longitud fija | 991125c2016 ag qr p o 000 0 spa d |
| 035 ## - NÚMERO DE CONTROL DEL SISTEMA | |
| Número de control de sistema | UPN01000218573 |
| 040 ## - FUENTE DE LA CATALOGACIÓN | |
| Centro catalogador/agencia de origen | MX-MxUPN |
| Lengua de catalogación | spa |
| Centro/agencia transcriptor | MX-MxUPN |
| Normas de descripción | aacr2 |
| 049 ## - COLECCIÓN | |
| Colección | ART-E |
| 100 1# - ASIENTO PRINCIPAL--NOMBRE PERSONAL | |
| Nombre de persona | Kaplan, Carina |
| 9 (RLIN) | 32199 |
| 100 1# - ASIENTO PRINCIPAL--NOMBRE PERSONAL | |
| Filiación | kaplancarina@gmail.com |
| 100 1# - ASIENTO PRINCIPAL--NOMBRE PERSONAL | |
| Nombre de persona | Silva, Verónica |
| 100 1# - ASIENTO PRINCIPAL--NOMBRE PERSONAL | |
| Filiación | verosilva13@yahoo.com.ar |
| 245 10 - MENCIÓN DE TÍTULO | |
| Título | Respeto y procesos civiliazatorios : |
| Resto del título | imbricación socio-psíquica de las emociones |
| Medio | [recurso electrónico en línea] |
| 506 0# - NOTA DE RESTRICCIONES AL ACCESO | |
| Limitaciones de acceso | Acceso abierto |
| 520 3# - NOTA DE RESUMEN, ETC. | |
| Sumario, etc. | En este trabajo presentamos una serie de aproximaciones teóricas acerca del fenómeno del respeto en su dimensión socio-psíquica a los fines de alcanzar una compresión profunda de la estructura afectiva que los jóvenes construyen en la vida escolar. Partimos de la consideración de que en nuestras sociedades capitalistas el respeto es un bien simbólico escaso. El miedo a la pérdida del prestigio o estima social y a la degradación personal se erige como un regulador del comportamiento y como mecanismo eficaz de control y auto-control de las emociones. Las disposiciones sociales y morales imprimen modos específicos de vinculación a través del respeto mutuo formando parte de una estructura emotiva de matriz sociocultural e histórica. Praxis educativa. |
| 650 #4 - ASIENTO SECUNDARIO DE MATERIA - TERMINO TEMATICO | |
| Término de materia o nombre geográfico como elemento de entrada | Emociones |
| 9 (RLIN) | 39 |
| 650 #2 - ASIENTO SECUNDARIO DE MATERIA - TERMINO TEMATICO | |
| 9 (RLIN) | 4166 |
| Término de materia o nombre geográfico como elemento de entrada | Respeto |
| 650 #4 - ASIENTO SECUNDARIO DE MATERIA - TERMINO TEMATICO | |
| Término de materia o nombre geográfico como elemento de entrada | Valores |
| 9 (RLIN) | 308 |
| 653 0# - TERMINO DE INDIZACION - NO CONTROLADO | |
| Término no controlado | Estima social |
| 773 ## - ENLACE AL DOCUMENTO FUENTE/ENTRADA DE REGISTRO ANFITRIÓN | |
| Parte(s) relacionada(s) | Vol. 20, no. 1 (2016), p. 28-36 |
| Título | Praxis educativa |
| Número Internacional Normalizado para Publicaciones Seriadas | 2313-934X |
| 856 4# - LOCALIZACIÓN Y ACCESO ELECTRÓNICOS | |
| Identificador Uniforme del Recurso | <a href="https://cerac.unlpam.edu.ar/index.php/praxis/article/view/1180">https://cerac.unlpam.edu.ar/index.php/praxis/article/view/1180</a> |
| 902 ## - ELEMENTOS DE DATOS B LOCAL, LDB (RLIN) | |
| Modificó | Leonor Sotres/141123 |
| 905 ## - TIPO DE MATERIAL | |
| Tipo de material | Articulo |
| 942 ## - ELEMENTOS DE PUNTO DE ACCESO ADICIONAL (KOHA) | |
| Tipo de ítem Koha | Artículo Electrónico |
| Estado de retiro | Estado de pérdida | Estado dañado | No para préstamo | Código de colección | Localización permanente | Ubicación/localización actual | Ubicación en estantería | Fecha de adquisición | Total de préstamos | Fecha visto por última vez | Identificador Uniforme del Recurso | Precio válido a partir de | Tipo de ítem Koha |
|---|---|---|---|---|---|---|---|---|---|---|---|---|---|
| Acceso abierto | Bib. Gregorio Torres Quintero | Bib. Gregorio Torres Quintero | En línea | 14/11/2023 | 14/11/2023 | Leonor Sotres/141123 | 14/11/2023 | Artículo Electrónico |
